000 00554cam a22002291 4500
001 sa 68008043
003 DLC
005 20260227112528.0
008 941010m19589999np 000 0 newo
010 _asa 68008043
025 _aPL480:N-319
035 _a(OCoLC)31253548
040 _aDLC
_cCU
_dCU
_dDLC
042 _apremarc
050 0 0 _aPL3801.N5
_bB3
100 1 _aBajrācārya, Ādibajra.
245 1 0 _aŚabdaracanā alaṅkāra.
260 _c1078 [1958?-
300 _av.
_c18 cm.
500 _aIn Newari.
650 0 _aNewari language.
999 _c82202
_d82202